Der Mensch in der Gruppe : Sozialpsychologische und Dynamische Aspekte /

Salvato in:
Dettagli Bibliografici
Autore principale: Battegay, Raymond (autor)
Natura: Libro
Lingua:German
Pubblicazione: Viena, Austria : Verlag Hans Huber, 1970, c1967
Soggetti:
Tags: Aggiungi Tag
Nessun Tag, puoi essere il primo ad aggiungerne!!

MARC

LEADER 00000nam^a2200000^a^4500
001 000182880
005 20250521000000.0
009 20260310102020.992
037 |a Acervo ITESO - Biblioteca 
041 |a ALE 
082 |a 302.  |b BAT V. 1 
100 |a Battegay, Raymond  |e (autor) 
240 1 5 |a [Der Mensch in der Gruppe] 
245 1 4 |a Der Mensch in der Gruppe :  |b Sozialpsychologische und Dynamische Aspekte /  |c R. Battegay. 
264 4 |a Viena, Austria :  |b Verlag Hans Huber,  |c 1970, c1967 
300 |a 87 p. 
336 |a texto  |b txt  |2 rdacontenido 
337 |a sin mediación  |b n  |2 rdamedio 
338 |a volumen  |b nc  |2 rdasoporte 
649 |a XX 
650 |a Grupos Sociales 
650 |a Dinámica de Grupos 
650 |a Psicología Social 
910 |a Fondo Armando Suárez Gómez 
920 |a Impresos - Libros 
930 |a Fondos Especiales 
905 |a 111 
901 |a 0700002904  |b IT2  |c ESP  |u 20250521 
902 |a https://opac.biblio.iteso.mx/vufind/Record/000182880